| 000 | 00379nam a2200145Ia 4500 | ||
|---|---|---|---|
| 005 | 20241009023443.0 | ||
| 008 | 240331s9999 xx 000 0 und d | ||
| 082 |
_bSEL _a820 |
||
| 100 | _aSelvadurai, S | ||
| 245 | 0 |
_aFunny boy : _ba novel in six stories |
|
| 260 |
_aNew Delhi _bPenguin Books India ( Pvt) Ltd _c1994 |
||
| 300 | _a316 p ., | ||
| 650 | _aShort Stories | ||
| 942 | _cL | ||
| 999 |
_c3168 _d3168 |
||